Bilecik Bilecik Bilecik Bilecik Bilecik

Temel ve ileri moleküler biyoloji yöntemleri: genomik ve proteomik analizler/ (Record no. 68592)

MARC details
000 -BAŞLIK
Sabit Uzunluktaki Kontrol Alanı 02694nam a22003017a 4500
001 - KONTROL NUMARASI
Control Dosyası 0068022
003 - KONTROL NUMARASI KİMLİĞİ
Kontrol Alanı KOHA_MİRAKIL
005 - EN SON İŞLEM TARİHİ ve ZAMANI
Kontrol Alanı 20260207004736.0
007 - FİZİKSEL TANIM SABİT ALAN - GENEL BİLGİ
Sabit uzunluklu kontrol alanı ta
008 - SABİT UZUNLUKTAKİ VERİ ÖGELERİ - GENEL BİLGİ
Sabit Alan 221222b tu |||gr||||#0|||0|tur |
020 ## - ISBN - ULUSLARARASI STANDART KİTAP NUMARASI
Isbn 9786053353621
Nitelik bilgileri
040 ## - KATALOGLAMA KAYNAĞI
Özgün Kataloglama Kurumu TR-BiSEU
Kataloglama Dili tur
Çeviri Kurumu TR-BiSEU
Açıklama Kuralları rda
041 0# - DİL KODU
Metin ya da ses kaydının dil kodu tur
044 ## - YAYINLAYAN/ÜRETEN KURULUŞUN ÜLKE KODU
ISO country code tu
050 ## - SINIFLAMA ve YER NUMARASI
Sınıflama Numarası QH506
Yer Numarası .T46 2018
245 0# - ESER ADI BİLDİRİMİ
Başlık Temel ve ileri moleküler biyoloji yöntemleri: genomik ve proteomik analizler/
Sorumluluk Bildirimi Editörler Güler Temizkan, Nazlı Arda.
264 #1 - ÜRERİM, YAYIN, DAĞITIM ve TELİF BİLDİRİMİ
Yayın yeri İstanbul :
Yayınlayan Nobel Tıp Kitabevleri
300 ## - FİZİKSEL TANIMLAMA
Sayfa, Cilt vb. XVIII, 770 sayfa: resimler; 28 cm.
336 ## - İÇERİK TÜRÜ
Content type term metin
Content type code txt
Source rdacontent
337 ## - MEDYA TÜRÜ
Media type term aracısız
Media type code n
Source rdamedia
338 ## - TAŞIYICI TÜRÜ
Carrier type term cilt
Carrier type code nc
Source rdacarrier
500 ## - GENEL NOT
Genel Not Dizin var.
500 ## - GENEL NOT
Genel Not Kaynakça bölüm sonlarındadır.
505 ## - İÇİNDEKİLER NOTU
İçindekiler Notu Yayınevimiz tarafından daha önce basılmış olan ve alanındaki uygulamalara ilişkin kapsamlı teorik ve pratik bilgiler veren "Moleküler Biyolojide Kullanılan Yöntemler" adlı kitap araştırmacıların gösterdikleri yoğun ilgi nedeniyle üç baskı yaptıktan sonra hızla tükenmişti. Bu yeni eser, moleküler biyoloji ve biyoteknolojide baş döndürücü bir hızla artan bilgi birikimi ve sürekli geliştirilen yeni yöntemler nedeniyle çok daha geniş kapsamlı olarak hazırlanmıştır. İlk kitapta var olan bölümlerin içeriğinin zenginleştirilmesinin yanı sıra yazar sayısı da artırılarak yeni ve güncel konular eklenmiştir. Moleküler biyolojide kullanılan yöntemlerin hepsini bir kitap içerisinde toplamak kuşkusuz mümkün olmamakla birlikte, özellikle rekombinant DNA teknolojisi, genom ve proteom analizleri, omik teknolojiler ve biyoenformatiğe ait temel teorik bilgiler ve uygulama örnekleri verilmiştir. Her biri alanlarında uzman bilim insanları tarafından yazılmış olan kitap 37 bölümden oluşmakta olup moleküler biyolojide kullanılan klasikleşmiş ve yeni yöntemlere ilişkin teorik bilgilerin yanı sıra birçoğu yazarları tarafından da laboratuvarda uygulanmakta olan teknikleri ve deneyimleri kapsamaktadır. Bu nedenle neyi niçin yaptığını bilmek isteyen araştırmacılar için iyi bir kaynak olacağı ve özellikle uygulama örneklerinde yer alan ipuçlarıyla da kullanıcılara pratikte yarar sağlayacağı düşünülmektedir. Bu eser de moleküler biyolojiye ilgi duyan ve bu güncel bilim dalının kapsadığı çeşitli konularda çalışan araştırmacıların, ilgili alanlarda öğrenim gören lisans ve lisansüstü öğrencilerinin zevkle okuyup yararlanacağı bir başvuru kitabı olacaktır.
650 #0 - KONU BAŞLIĞI EK GİRİŞ - KONU TERİMİ
Konusal terim veya coğrafi ad Molecular biology.
9 (RLIN) 11544
907 ## - LOCAL DATA ELEMENT G, LDG (RLIN)
a Tıp
942 ## - EK GİRİŞ ÖGELERİ (KOHA)
Source of classification or shelving scheme Library of Congress Classification
Koha item type Book
505 ## - İÇİNDEKİLER NOTU
-- Arka kapak.
Holdings
Materyal Türü Kalıcı Konum Mevcut Konum Sınıflandırma Kaynağı Edinim Bilgisi Ana Konular Alt Konular Yer Numarası Demirbaş Numarası Fatura Tarihi Maliyet, Alış Fiyatı Maliyet, Yenileme Fiyatı Geri Çekilme Durumu Kayıp Durumu Hasarlı Durumu Kredi için değil Kayıt Tarih Toplam Ödünçverme Son Görülme Tarihi Son Kontrol Tarihi
Book BŞEÜ Tıp Fakültesi Kütüphanesi BŞEÜ Tıp Fakültesi Kütüphanesi Library of Congress Classification Satın BİLİM Doğa Tarihi - Biyoloji QH506 .T46 2018 0068022 02/02/2026 388.22 388.22       Ödünç verilmez 22/12/2022   06/03/2025 06/03/2025